Turnabout teaching

Na minha lista:
Detalhes bibliográficos
Autor principal: LeFever, Marlene D.
Formato: Livro
Idioma:inglês
Publicado em: Cook Publishing. 1973.
Assuntos:
Tags: Adicionar Tag
Sem tags, seja o primeiro a adicionar uma tag!

MARC

LEADER 00000nam a22000005a 4500
001 9610
003 CL-ChBUA
005 20120815103207.0
008 070301s1973 xxu 000 0 eng
040 |a CL-ChBUA  |c CL-ChBUA 
082 0 0 |a 268.434 
090 |c 9610  |d 9610 
100 1 |a LeFever, Marlene D. 
245 1 0 |a Turnabout teaching 
260 |b Cook Publishing.  |c 1973. 
300 |c 18 cm. 
650 4 |a EDUCACION RELIGIOSA ADULTOS. 
942 |c LIB 
952 |0 0  |1 0  |4 0  |7 0  |9 14148  |a UNACH  |b UNACH  |c 200  |d 2007-03-05  |i 16.597.  |l 0  |o 268.434 / L 493.  |p 15147  |r 2012-12-27 00:00:00  |u 14148  |w 2012-08-08  |y LIB  |k 268.434 / L 493. 
999 |c 9610  |d 9610